000 00677nam a22002057a 4500
999 _c20748
_d20748
003 AR-CdUCM
008 190604b ||||| |||| 00| 0 spa d
040 _aMUNICIPALIDAD PROVINCIAL DEL CUSCO
_cBIBLIOTECA MUNICIPAL DEL CUSCO
082 _a413 /
_bA34
100 _aAlba, Renato de
_943322
245 _aSuplemento de todos los diccionarios enciclopédicos españoles /
260 _aBarcelona :
_bSubirana,
_c1918.
300 _a414 páginas ;
_c18 cm.
500 _a[libro reempastado]
505 _aContenIdo: Diccionario de la A - Z.
650 _aDiccionario
_95196
700 _aMartinez Abellán, Pascual (prólogo)
_943323
942 _2ddc
_cLIBROS
945 _aAndy